000 00399 a2200145 4500
999 _c3601
_d3601
020 _a0855985232
050 _aHD 6223 TRA 2004
100 _aRaworth, Kate
245 _aTrading away our rights
_bwomen working in global supply chains /
_cKate Raworth
264 _aOxford
_bOxfam GB
_c2004
300 _a100p.
500 _ainclude index
650 _aLabour-- woman
942 _2lcc
_cBK
_h6223
_iTRA
_kHD